Largest Countries With Only One Time Zone - Statistics

General Stats
  • This quiz has been taken 25 times
  • The average score is 7 of 10
Answer Stats
mi2 Time Zone Country % Correct
3,705,410 UTC+08:00 China
100%
1,269,219 UTC+05:30 India
91%
636,371 UTC+03:30 Iran
78%
1,073,500 UTC−03:00 Argentina
70%
718,723 UTC+02:00 Sudan
70%
919,595 UTC+01:00 Algeria
65%
1,052,090 UTC+05:00 Kazakhstan
65%
830,000 UTC+3:00 Saudi Arabia
65%
496,224 UTC−05:00 Peru
57%
679,362 UTC+2:00 Libya
43%
No matching quizzes found
Score Distribution
Percent of People with Each Score
Percentile by Number Answered
Your Score History
You have not taken this quiz